000
00281pab a2200109 454500
008
180718b xxu||||| |||| 00| 0 eng d
100
_a
Trivedi, R.S.
245
_a
Indian education and educators by 2000 A.D.
650
_a
Education - India
773
_a
University News
909
_a
24536
999
_c
24536
_d
24536